Statistiques concernant Pokémon-Equipes Dresseurs Unys

Cliquez ici pour prendre le quiz!

Statistiques générales

  • Ce quiz a été pris 150 fois
  • Le résultat moyen est 252 sur 402

Statistiques - réponses

DresseurPokémon% Correct
Lianaja
92%
Roitiflam
92%
Clamiral
88%
Déflaisan
88%
Matis | TcherenGruikui
88%
Léopardus
88%
Majaspic
88%
Moustillon
88%
Vipélierre
88%
Chacripan
84%
Colombeau
84%
Feuillajou
84%
Flamajou
84%
Mastouffe
84%
Mélis/ÉchoMateloutre
84%
Miradar
84%
N2B2Ratentif
84%
Symbios
84%
Tranchodon
84%
Vipélierre
84%
Crocorible
80%
Flotoutan
80%
Grotichon
80%
Incisache
80%
Karaclée
80%
Lakmécygne
80%
Mushana
80%
Poichigeon
80%
Ponchien
80%
Ponchiot
80%
Baggaïd
76%
Bétochef
76%
Darumacho
76%
IneziaEmolga
76%
Feuiloutan
76%
Hexagel
76%
Judokrak
76%
Lugulabre
76%
Manternel
76%
Polagriffe
76%
Baggiguane
72%
Batracné
72%
Crapustule
72%
Flamoutan
72%
Flotajou
72%
Gigalithe
72%
Mascaïman
72%
Ludwig/LudvinaMinotaupe
72%
Munna
72%
Ohmassacre
72%
B | ULReshiram
72%
Scalproie
72%
Sidérella
72%
Tutankafer
72%
Zéblitz
72%
Aéroptéryx
68%
N2B2Aflamanoir
68%
Brutapode
68%
Charpenti
68%
N2B2Couverdure
68%
Crabicoque
68%
Darumarond
68%
BardaneEscroco
68%
N2B2Géolithe
68%
Gueriaigle
68%
Libégon
68%
Moyade
68%
Mygavolt
68%
Noacier
68%
Pyrax
68%
CarolinaRhinolove
68%
ArtieScobolide
68%
StryknaSmogo
68%
Tic
68%
N2B2Trioxhydre
68%
N | USZekrom
68%
Cliticlic
64%
Crabaraque
64%
Cryptéro
64%
Dimoret
64%
Frison
64%
Gaulet
64%
Golemastoc
64%
Haydaim forme printemps
64%
Lançargot
64%
AmanaMégapagos
64%
Miasmax
64%
Neitram
64%
Shaofouine
64%
Sorbouboul
64%
ZhuSorboul
64%
Tritonde
64%
Zoroark
64%
N2B2Airmure
60%
N2B2Bargantua Motif Rouge
60%
Drakkarmin
60%
Drattak
60%
Fermite
60%
Limaspeed
60%
Magnézone
60%
Pashmilla
60%
Statitik
60%
Vaututrice
60%
Grindur
56%
B2Kyurem Blanc
56%
N2Kyurem Noir
56%
Lewsor
56%
N2B2Lucario
56%
NikolaïMagnéti
56%
Magnéton
56%
Mamanbo
56%
N2B2Maracachi
56%
OmbreScalpion
56%
Absol
52%
Arcanin
52%
Drascore
52%
Farfaduvet
52%
Lokhlass
52%
Métalosse
52%
Nanméouïe
52%
N2B2Sablaireau
52%
Altaria
48%
Blizzaroi
48%
Camérupt
48%
Feunard
48%
Galeking
48%
Hyporoi
48%
Maganon
48%
Métang
48%
Sharpedo
48%
N2B2Tarpaud
48%
Branette
44%
Carabing
44%
Coudlangue
44%
Ectoplasma
44%
Fragilady
44%
N2B2Gallame
44%
Galopa
44%
Grodrive
44%
Grotadmorv d'Alola
44%
Kaimorse
44%
Kaorine
44%
Lanturn
44%
Limonde
44%
N2B2Magirêve
44%
Maraiste
44%
Motisma Lavage
44%
Pharamp
44%
Tadmorv
44%
Tyranocif
44%
Wailord
44%
Apireine
40%
Archéodong
40%
Cizayox
40%
Coatox
40%
Cotovol
40%
Crustabri
40%
Démanta
40%
Escargaume
40%
Farfuret
40%
Hippodocus
40%
Kungfouine
40%
Luxray
40%
Mammochon
40%
Momartik
40%
Mustéflott
40%
Onix
40%
Porygon Z
40%
Rhinastoc
40%
Roigada
40%
Scarhino
40%
Tentacruel
40%
Alakazam
36%
Bouldeneu
36%
N2B2Lainergie
36%
Lamantine
36%
Nostenfer
36%
SLPorygon 2
36%
Séviper
36%
Staross
36%
Tritosor
36%
Amonistar
32%
Armaldo
32%
Azumarill
32%
Clifford Colay-MonthéCaratroc
32%
Chapignon
32%
Charmina
32%
N2B2Corboss
32%
Démolosse
32%
Électrode
32%
Givrali
32%
Kabutops
32%
Mackogneur
32%
Mangriff
32%
Nosferalto
32%
Tengalice
32%
Akwakwak
28%
Colhomard
28%
Mélodelfe
28%
Morphéo
28%
Nidoqueen
28%
Phyllali
28%
Vacilys
28%
Cyril Colay-MonthéDonphan
24%
Insolourdo
24%
Kangourex
24%
Lockpin
24%
Antonin Colay-MonthéMustébouée
20%
Ninjask
20%
Crystale Colay-MonthéArchéomire
16%
Flatsy Colay-MonthéTeddiursa
12%

Distribution des résultats

Percentile par nombre de réponses

% des personnes avec chaque résultat

Votre développement - résultats

Vous n’avez pas pris ce quiz